Score 0/30 Timer 07:00
0 Plays Today
% Correct
Budweiser
98.7%
Coors Light
89.4%
Bud Light
84.3%
Miller Lite
81.1%
Corona Extra
71.4%
Heineken
69.8%
Sam Adams
65.6%
Labatt Blue
50.2%
Dos Equis XX Lager Especial
38.8%
Natural Light
34.5%
Busch
34.1%
Michelob Ultra Light
32.7%
Miller High Life
31.3%
Keystone Light
30.6%
Stella Artois
30.3%
% Correct
Corona Light
24.1%
Sierra Nevada
21%
Busch Light
19.3%
Newcastle Brown Ale
13.8%
Tecate
13.2%
Modelo Especial
12%
New Belgium
8.6%
Shiner
8.1%
Stone
7.7%
Lagunitas
7.1%
Labatt Blue Light
4.7%
Redhook
4.4%
Deschutes
2.7%
Widmer
1.8%
Kona
1.6%
Remove Ads.
Support Sporcle.
Get the best of Sporcle when you Go Orange. This ad-free experience offers more features, more stats, and more fun while also helping to support Sporcle. Thank you for becoming a member.

You're not logged in!

Compare scores with friends on all Sporcle quizzes.
OR
Log In

Show Comments

Extras

Top Quizzes Today


Score Distribution

Your Account Isn't Verified!

In order to create a playlist on Sporcle, you need to verify the email address you used during registration. Go to your Sporcle Settings to finish the process.

Report this User

Report this user for behavior that violates our Community Guidelines.

Details: